000
00293nam a22001217a 4500
008
181122b xxu||||| |||| 00| 0 eng d
041
_a
eng
080
_2
2nd
_a
610
100
_a
4
101
_a
SHM
245
_a
Evaluation of Liver Function In Clinical Practice
_c
Waife,S.O
942
_2
udc
_c
BK
999
_c
52338
_d
52338